[Event "Stuttgarter Stadtmeisterschaft A"]
[Site "Ditzingen"]
[Date "2015.05.15"]
[Round "3.23"]
[White "Schwab, Matthias"]
[Black "Schnepel, Thomas"]
[Result "0-1"]
[WhiteElo "2106"]
[BlackElo "1930"]
[PlyCount "100"]
[EventDate "2015.??.??"]
[WhiteTeam "SC Böblingen"]
[BlackTeam "SC Pforzheim"]

1. c4 Nf6 2. d4 c5 3. d5 e6 4. Nc3 exd5 5. cxd5 d6 6. e4 g6 7. f4 Bg7 8. Bb5+
Nfd7 9. a4 Qh4+ 10. g3 Qe7 11. Qe2 O-O 12. Nf3 Nf6 13. O-O Bh3 14. Re1 a6 15.
Bd3 Nbd7 16. e5 dxe5 17. fxe5 Ne8 18. Bg5 f6 19. d6 Nxd6 20. exd6 Qxe2 21. Bxe2
fxg5 22. Nxg5 Bd4+ 23. Kh1 Bf5 24. g4 Bf6 25. Bc4+ Kg7 26. Re7+ Bxe7 27. dxe7
Rfe8 28. Re1 Bxg4 29. Bf7 h6 30. Bxe8 Rxe8 31. h3 hxg5 32. hxg4 Nf6 33. Re5
Nxg4 34. Rxg5 Nf2+ 35. Kg2 Nd3 36. Nd5 Nxb2 37. Re5 Kf7 38. Re2 Nd3 39. Re3 c4
40. Rf3+ Kg7 41. Re3 Kf7 42. Rf3+ Ke6 43. Nc7+ Kd7 44. Nxe8 Ne1+ 45. Kf2 Nxf3
46. Nc7 Kxe7 47. Kxf3 Kd6 48. Ne8+ Kc5 49. Ke3 b5 50. a5 Kb4 0-1

[Event "Stuttgarter Stadtmeisterschaft A"]
[Site "Ditzingen"]
[Date "2015.05.15"]
[Round "3.25"]
[White "Zymberi, Agron"]
[Black "Kuhlmann, Hans-Peter"]
[Result "1-0"]
[WhiteElo "2089"]
[BlackElo "1910"]
[PlyCount "53"]
[EventDate "2015.??.??"]
[WhiteTeam "SC Villingen"]
[BlackTeam "Spvgg Renningen"]

1. Nf3 Nf6 2. d4 d5 3. c4 e6 4. g3 Be7 5. Bg2 c6 6. O-O O-O 7. Nc3 Nbd7 8. cxd5
exd5 9. a3 a6 10. Re1 Re8 11. Qd3 Nb6 12. b3 Bg4 13. h3 Bh5 14. Ne5 Bg6 15.
Nxg6 hxg6 16. Bg5 Qd7 17. e3 Qf5 18. Qxf5 gxf5 19. Rec1 Ne4 20. Bxe7 Rxe7 21.
Rc2 Nd6 22. a4 g6 23. h4 Kg7 24. Rac1 Kf6 25. a5 Nd7 26. Bxd5 cxd5 27. Nxd5+
1-0

[Event "Stuttgarter Stadtmeisterschaft A"]
[Site "Ditzingen"]
[Date "2015.05.15"]
[Round "3.26"]
[White "Enneking, Hermann"]
[Black "Stolz, Stephan"]
[Result "1-0"]
[WhiteElo "1881"]
[BlackElo "2086"]
[PlyCount "49"]
[EventDate "2015.??.??"]
[WhiteTeam "TSV Schönaich"]
[BlackTeam "Stuttgarter SF"]

1. d4 Nf6 2. c4 e6 3. Nc3 Bb4 4. Qc2 c5 5. a3 Bxc3+ 6. bxc3 d5 7. Nf3 Qa5 8.
Bd2 Nc6 9. e3 dxc4 10. Bxc4 b5 11. Be2 c4 12. O-O O-O 13. a4 Bd7 14. Rfb1 Qc7
15. axb5 Na5 16. Ne5 Rab8 17. Nxd7 Nxd7 18. Qa4 Nb3 19. Rxb3 cxb3 20. Qxb3 e5
21. c4 exd4 22. exd4 Rfe8 23. Bf3 Nf6 24. g3 Rbd8 25. Ba5 1-0

[Event "Stuttgarter Stadtmeisterschaft A"]
[Site "Ditzingen"]
[Date "2015.05.15"]
[Round "3.28"]
[White "Gehringer, Frank"]
[Black "Issaad, Pascal"]
[Result "0-1"]
[WhiteElo "2050"]
[BlackElo "1845"]
[PlyCount "60"]
[EventDate "2015.??.??"]
[WhiteTeam "SC Leinfelden"]
[BlackTeam "SV Stuttgart-Wolfbusch"]

1. Nf3 b5 2. g3 Bb7 3. Bg2 Nf6 4. d4 e6 5. O-O Be7 6. Nbd2 O-O 7. Re1 d5 8. Ne5
Nbd7 9. Ndf3 c5 10. c3 a5 11. Bg5 h6 12. Nxd7 Qxd7 13. Bxf6 Bxf6 14. dxc5 Qc7
15. Nd2 b4 16. cxb4 axb4 17. Qc2 Rfc8 18. Nb3 Qe5 19. Qd2 Qxb2 20. Qxb4 Bc6 21.
e3 Bc3 22. Reb1 Bxb4 23. Rxb2 Bc3 24. Rab1 Bxb2 25. Rxb2 Rcb8 26. Rc2 Rxb3 27.
axb3 Ra1+ 28. Bf1 Bb5 29. c6 Bxf1 30. c7 Bh3+ 0-1

[Event "Stuttgarter Stadtmeisterschaft A"]
[Site "Ditzingen"]
[Date "2015.05.15"]
[Round "3.29"]
[White "Stoll, Katja"]
[Black "Keller, Harald"]
[Result "1/2-1/2"]
[WhiteElo "1818"]
[BlackElo "2049"]
[PlyCount "35"]
[EventDate "2015.??.??"]
[WhiteTeam "SC Weiße Dame Ulm"]
[BlackTeam "SV Rottweil"]

1. e4 Nf6 2. Nc3 d5 3. exd5 Nxd5 4. d4 g6 5. Bc4 Nb6 6. Bb3 Bg7 7. Nge2 Nc6 8.
Be3 O-O 9. O-O Na5 10. Ne4 Nxb3 11. axb3 Nd5 12. Qd2 f5 13. N4c3 Nf6 14. Bh6 c6
15. Bxg7 Kxg7 16. Rad1 b5 17. Rfe1 a6 18. Nf4 1/2-1/2

[Event "Stuttgarter Stadtmeisterschaft A"]
[Site "Ditzingen"]
[Date "2015.05.15"]
[Round "3.30"]
[White "Doll, Michael"]
[Black "Baenziger, Fabian"]
[Result "1/2-1/2"]
[WhiteElo "2182"]
[BlackElo "1954"]
[PlyCount "50"]
[EventDate "2015.??.??"]
[WhiteTeam "SV Nürtingen"]

1. d4 Nf6 2. Nf3 g6 3. c4 Bg7 4. e3 O-O 5. Be2 d6 6. Nc3 Nbd7 7. O-O c6 8. Qc2
a6 9. a4 a5 10. e4 Ne8 11. Bg5 Nc7 12. Rad1 h6 13. Be3 Qe8 14. e5 dxe5 15. dxe5
Kh7 16. Qd2 Ne6 17. Ne4 Qd8 18. h4 Qc7 19. h5 Nxe5 20. Nh4 Rd8 21. Qc2 Nf8 22.
Rxd8 Qxd8 23. Rd1 Qe8 24. Bb6 Ned7 25. Be3 Ne5 1/2-1/2

[Event "Stuttgarter Stadtmeisterschaft A"]
[Site "Ditzingen"]
[Date "2015.05.15"]
[Round "3.31"]
[White "Sand, Rolf"]
[Black "Gerstenberger, Heinz"]
[Result "1/2-1/2"]
[WhiteElo "1969"]
[BlackElo "2129"]
[PlyCount "27"]
[EventDate "2015.??.??"]
[WhiteTeam "SV Tübingen"]
[BlackTeam "Stuttgarter SF"]

1. c4 e5 2. g3 Nc6 3. Nc3 f5 4. Nf3 e4 5. Nh4 d6 6. d3 Be7 7. Ng2 exd3 8. Qxd3
Nf6 9. Nf4 O-O 10. b3 Ne5 11. Qc2 c6 12. Bg2 Qa5 13. Bd2 Qc7 14. Bc1 1/2-1/2

[Event "Stuttgarter Stadtmeisterschaft A"]
[Site "Ditzingen"]
[Date "2015.05.15"]
[Round "3.32"]
[White "Notz, Lukas"]
[Black "Kübler, Marcus"]
[Result "1-0"]
[WhiteElo "1849"]
[BlackElo "2074"]
[PlyCount "147"]
[EventDate "2015.??.??"]
[WhiteTeam "SV Dettingen Erms"]
[BlackTeam "TSV Schönaich"]

1. c4 Nf6 2. g3 e6 3. Bg2 c5 4. Nf3 Nc6 5. O-O a6 6. b3 Be7 7. d3 O-O 8. Bb2
Qc7 9. Ne1 b5 10. e4 Rb8 11. f4 d6 12. g4 bxc4 13. g5 Nd7 14. dxc4 Nd4 15. Bxd4
cxd4 16. Nf3 d5 17. Nfd2 dxc4 18. Nxc4 e5 19. f5 Bxg5 20. Qg4 Bh6 21. Qg3 Bf4
22. Qh4 Nf6 23. Rf3 Bb7 24. Rh3 h6 25. Qe1 Rfd8 26. Nbd2 a5 27. Kh1 Rdc8 28.
Bf1 Ba6 29. Bd3 a4 30. Nxe5 Qxe5 31. Bxa6 Bxd2 32. Qxd2 Qxe4+ 33. Qg2 Qxg2+ 34.
Kxg2 Rc2+ 35. Kg1 axb3 36. axb3 Ng4 37. f6 Nxf6 38. Bc4 Re8 39. Rf3 Rd2 40. Ra7
Rf8 41. Rf4 Rd8 42. Rxf7 Kh8 43. Rf3 Ne4 44. Bd3 Nf6 45. b4 Ra8 46. Bf1 Ne4 47.
b5 Ra1 48. b6 Rb2 49. Ra7 Rab1 50. Rf8+ Kh7 51. Rff7 Kg6 52. Rxg7+ Kf6 53.
Rgf7+ Ke5 54. Rae7+ Kd5 55. Rf5+ Kc6 56. Rxe4 d3 57. Rd4 d2 58. Rfd5 Kxb6 59.
Rxd2 Rxd2 60. Rxd2 Kc5 61. Kf2 Rb6 62. Kg3 Rf6 63. Bh3 Kc6 64. Kh4 Kc5 65. Kh5
Kc6 66. Bg4 Kc5 67. h4 Kc4 68. Rd7 Kc5 69. Rg7 Kd4 70. Rg6 Rf8 71. Rxh6 Ke5 72.
Kg5 Rg8+ 73. Rg6 Rh8 74. h5 1-0

[Event "Stuttgarter Stadtmeisterschaft A"]
[Site "Ditzingen"]
[Date "2015.05.15"]
[Round "3.33"]
[White "Hoeschele, Hans-Ulrich"]
[Black "Weber, Sandra"]
[Result "0-1"]
[WhiteElo "2032"]
[BlackElo "1862"]
[PlyCount "76"]
[EventDate "2015.??.??"]
[WhiteTeam "Stuttgarter SF"]
[BlackTeam "SC Neckarsulm"]

1. Nf3 g6 2. c4 Nf6 3. Nc3 Bg7 4. d4 O-O 5. e3 d6 6. Be2 Nbd7 7. Bd2 e5 8. Qc2
a6 9. h3 Re8 10. dxe5 Nxe5 11. Nxe5 dxe5 12. O-O-O e4 13. g4 h6 14. Kb1 Bd7 15.
f4 exf3 16. Bxf3 Rb8 17. e4 b5 18. g5 hxg5 19. Bxg5 Qc8 20. Bxf6 Bxf6 21. Nd5
Be5 22. c5 Bxh3 23. Qf2 Kg7 24. Rdg1 Qd7 25. Rg5 c6 26. Rxe5 Rxe5 27. Bg4 Qxg4
28. Qf6+ Kh6 29. Qxe5 cxd5 30. exd5 Rc8 31. Qe3+ Kg7 32. Qc3+ f6 33. Qxh3 Qxh3
34. Rxh3 Rxc5 35. Rd3 Kf7 36. b4 Rc8 37. Kb2 f5 38. Kb3 Kf6 0-1

[Event "Stuttgarter Stadtmeisterschaft A"]
[Site "Ditzingen"]
[Date "2015.05.15"]
[Round "3.34"]
[White "Schömbs, Oliver"]
[Black "Quernheim, Daniel"]
[Result "1/2-1/2"]
[WhiteElo "1920"]
[BlackElo "2029"]
[PlyCount "91"]
[EventDate "2015.??.??"]
[WhiteTeam "SC Ingersheim"]
[BlackTeam "SC Botnang"]

1. e4 Nf6 2. e5 Nd5 3. d4 d6 4. f4 dxe5 5. fxe5 c5 6. c4 Nb4 7. d5 Bf5 8. Na3
e6 9. Qa4+ Nd7 10. Nf3 exd5 11. cxd5 Nxd5 12. Bb5 a6 13. Bxd7+ Qxd7 14. Qxd7+
Bxd7 15. O-O Be7 16. Bg5 Bxg5 17. Nxg5 O-O 18. Nc4 Bb5 19. Rfc1 Bxc4 20. Rxc4
b6 21. Re1 Rae8 22. Nf3 h6 23. a3 a5 24. Rce4 Re6 25. Nd2 Rfe8 26. Kf2 Ne7 27.
Nc4 Ng6 28. Kf3 Rd8 29. R1e2 a4 30. Kf2 b5 31. Nd6 Rb8 32. Nf5 f6 33. exf6 Rxf6
34. g4 Nh4 35. Re5 Nxf5 36. gxf5 Rc8 37. Kg3 b4 38. Rc2 Rfc6 39. Rc4 Rb8 40.
Kg4 Kf7 41. Rexc5 Rxc5 42. Rxc5 bxa3 43. bxa3 Rb3 44. Rc7+ Kf6 45. Rc6+ Kf7 46.
Rc7+ 1/2-1/2

[Event "Stuttgarter Stadtmeisterschaft A"]
[Site "Ditzingen"]
[Date "2015.05.15"]
[Round "3.35"]
[White "Baumann, Arend"]
[Black "Pajer, Michael"]
[Result "1-0"]
[WhiteElo "2028"]
[BlackElo "1889"]
[PlyCount "101"]
[EventDate "2015.??.??"]
[WhiteTeam "SGem Vaihingen-Rohr"]
[BlackTeam "SK Bebenhausen"]

1. d4 d5 2. c4 c6 3. Nc3 Nf6 4. Nf3 g6 5. Bg5 Bg7 6. h3 O-O 7. e3 Qa5 8. Qd2
dxc4 9. Bxc4 b5 10. Bd3 Nbd7 11. O-O Bb7 12. Rfc1 Rac8 13. a3 Rfe8 14. b4 Qd8
15. Ra2 h6 16. Bf4 Nh5 17. Bh2 a6 18. Ne4 Nhf6 19. Nxf6+ Nxf6 20. Ne5 Nd7 21.
Nxd7 Qxd7 22. Be4 e5 23. dxe5 Qxd2 24. Rxd2 Bxe5 25. Bxe5 Rxe5 26. Bf3 Re7 27.
Rc5 Kf8 28. Rd6 Rec7 29. Kf1 Ke7 30. Rd4 Rd8 31. Rxd8 Kxd8 32. Ke2 Ke7 33. Kd3
Rd7+ 34. Kc3 Rd6 35. e4 f6 36. Be2 Kd7 37. f4 Kc7 38. Bd3 g5 39. e5 fxe5 40.
fxe5 Rd5 41. Rxd5 cxd5 42. Kd4 Kd7 43. Bf5+ Ke7 44. Bg4 Kf7 45. g3 Kg6 46. Be6
h5 47. Bxd5 Bc8 48. Be4+ Kf7 49. h4 gxh4 50. gxh4 Ke6 51. Bg6 1-0

[Event "Stuttgarter Stadtmeisterschaft A"]
[Site "Ditzingen"]
[Date "2015.05.15"]
[Round "3.36"]
[White "Wohlfahrt, Michael"]
[Black "Pfeifer, Wilfried"]
[Result "0-1"]
[WhiteElo "1852"]
[BlackElo "2007"]
[PlyCount "98"]
[EventDate "2015.??.??"]
[WhiteTeam "TSF Welzheim"]
[BlackTeam "TSF Ditzingen"]

1. e4 c6 2. d4 d5 3. exd5 cxd5 4. Bd3 Nc6 5. c3 Nf6 6. h3 g6 7. Nf3 Bg7 8. O-O
O-O 9. Bf4 Re8 10. Re1 Nd7 11. Ne5 Ndxe5 12. dxe5 Qb6 13. Qb3 Qxb3 14. axb3 Bd7
15. Nd2 e6 16. Nf3 Rec8 17. Nd4 a6 18. Bg3 Bf8 19. f4 Nxd4 20. cxd4 Rc7 21.
Red1 Rac8 22. Be1 Rc6 23. Ba5 Bh6 24. g3 g5 25. fxg5 Bxg5 26. Kf2 f5 27. Ke2
Be8 28. g4 fxg4 29. hxg4 Bg6 30. Bc3 Kg7 31. Rf1 Rxc3 32. bxc3 Rxc3 33. Bxg6
Re3+ 34. Kd1 Kxg6 35. Kc2 Re4 36. Kc3 Rxg4 37. Rg1 h5 38. Kd3 Kf5 39. Raf1+ Bf4
40. Rxg4 hxg4 41. Rf2 g3 42. Rg2 a5 43. Rg1 b5 44. Ra1 a4 45. bxa4 bxa4 46. Ke2
Ke4 47. Rxa4 Be3 48. Ra3 Bf2 49. Rd3 g2 0-1

[Event "Stuttgarter Stadtmeisterschaft A"]
[Site "Ditzingen"]
[Date "2015.05.15"]
[Round "3.37"]
[White "Müller, Anja"]
[Black "Langjahr, Marius"]
[Result "1-0"]
[WhiteElo "1975"]
[BlackElo "1812"]
[PlyCount "83"]
[EventDate "2015.??.??"]
[WhiteTeam "SC Ingersheim"]
[BlackTeam "SK Sachsenheim"]

1. d4 Nf6 2. c4 e6 3. Nf3 d5 4. Nc3 c6 5. cxd5 exd5 6. Bf4 Bf5 7. e3 Nbd7 8.
Be2 Be7 9. O-O O-O 10. h3 Re8 11. Rc1 Nf8 12. Na4 Ng6 13. Bh2 Nd7 14. Qb3 Nb6
15. Nc5 Bc8 16. a4 Bxc5 17. Rxc5 Nd7 18. Rc3 Qb6 19. Qc2 Qb4 20. Bd3 Nf6 21.
Nd2 Nf8 22. Ra1 Qe7 23. a5 a6 24. Bf5 N6d7 25. Nb3 g6 26. Bd3 Ne6 27. Bf1 Ndf8
28. Nc5 Nxc5 29. dxc5 Nd7 30. Ra4 Nf6 31. Bd6 Qe6 32. f3 Nh5 33. e4 f6 34. Rd4
Bd7 35. Qd2 dxe4 36. Rxe4 Qf7 37. Bc4 Be6 38. Bxe6 Rxe6 39. Rxe6 Qxe6 40. Re3
Qc4 41. Re7 Qb5 42. Qh6 1-0

[Event "Stuttgarter Stadtmeisterschaft A"]
[Site "Ditzingen"]
[Date "2015.05.15"]
[Round "3.38"]
[White "Faulhaber, Rolf"]
[Black "Baumeister, Jürgen"]
[Result "1-0"]
[WhiteElo "2039"]
[BlackElo "1869"]
[PlyCount "95"]
[EventDate "2015.??.??"]
[WhiteTeam "SK Tauberbischofsheim"]
[BlackTeam "SC Asperg"]

1. Nf3 c5 2. c4 Nf6 3. d4 cxd4 4. Nxd4 Nc6 5. Nc3 g6 6. g3 Bg7 7. Bg2 O-O 8.
O-O Nxd4 9. Qxd4 d6 10. Qd3 a6 11. b3 Nd7 12. Bb2 Rb8 13. Rfd1 b5 14. cxb5 axb5
15. Qd2 Bb7 16. Bxb7 Rxb7 17. Nd5 Ne5 18. Bd4 e6 19. Ne3 h5 20. f4 Qe7 21. Rac1
Rc7 22. Rxc7 Qxc7 23. fxe5 dxe5 24. Qc3 Qb7 25. Bc5 Rc8 26. b4 e4 27. Qd2 Bh6
28. Qd4 Qa8 29. Rd2 Qa3 30. Kf2 Qc1 31. Kg2 Qa3 32. Qxe4 Qc3 33. Rd3 Qe1 34.
Qf3 Qa1 35. Rd7 f5 36. Qb7 Rxc5 37. Qa8+ Bf8 38. bxc5 Qe5 39. Qf3 Qxc5 40. Nc2
Qxc2 41. Ra7 b4 42. Qd3 Qc6+ 43. Kh3 Qh1 44. Qf3 Qg1 45. e3 g5 46. Qe2 h4 47.
Rd7 Bg7 48. Rd1 1-0

[Event "Stuttgarter Stadtmeisterschaft A"]
[Site "Ditzingen"]
[Date "2015.05.15"]
[Round "3.39"]
[White "Wimmer, Thomas"]
[Black "Häußler, Daniel"]
[Result "1/2-1/2"]
[WhiteElo "1918"]
[BlackElo "2000"]
[PlyCount "126"]
[EventDate "2015.??.??"]
[WhiteTeam "SK Marburg"]
[BlackTeam "SC Ostfildern"]

1. d4 d5 2. c4 c6 3. Nc3 Nf6 4. e3 Bf5 5. Nf3 Nbd7 6. Qb3 Qb6 7. Nh4 Qxb3 8.
axb3 Bg4 9. c5 e5 10. h3 Be6 11. b4 Be7 12. g4 O-O 13. Nf3 e4 14. Nd2 h6 15. b5
Ne8 16. b4 cxb5 17. Bxb5 Nc7 18. Be2 f5 19. Nb3 Bh4 20. Rh2 Be7 21. b5 b6 22.
c6 Nf6 23. gxf5 Bb4 24. Kd2 Bxf5 25. Ba3 Bxa3 26. Rxa3 Nfe8 27. f3 Nd6 28. fxe4
Bxe4 29. Nxe4 Nxe4+ 30. Ke1 Nd6 31. Ra1 Ndxb5 32. e4 Rf4 33. exd5 Nxd4 34. Nxd4
Rxd4 35. Rd1 Rxd1+ 36. Bxd1 Rd8 37. Rd2 Rd6 38. Bb3 Kf7 39. Rf2+ Ke7 40. Re2+
Kf6 41. Rf2+ Ke7 42. Re2+ Kd8 43. Rf2 Ke8 44. Re2+ Kf8 45. Rf2+ Ke8 46. Re2+
Kd8 47. Rf2 Rf6 48. Rxf6 gxf6 49. d6 Nb5 50. c7+ Nxc7 51. dxc7+ Kxc7 52. Kd2
Kc6 53. Kc3 Kc5 54. Be6 b5 55. Kb3 Kd4 56. Kb4 a6 57. Bc8 Ke3 58. Bxa6 f5 59.
Bxb5 f4 60. Kc5 f3 61. Kd6 Kf4 62. Ke6 Kg3 63. Kf5 Kxh3 1/2-1/2

[Event "Stuttgarter Stadtmeisterschaft A"]
[Site "Ditzingen"]
[Date "2015.05.15"]
[Round "3.40"]
[White "Schmidt, Markus"]
[Black "Longo, Claudio"]
[Result "0-1"]
[WhiteElo "1871"]
[BlackElo "2013"]
[PlyCount "77"]
[EventDate "2015.??.??"]
[WhiteTeam "Stuttgarter SF"]
[BlackTeam "SK Germering"]

1. e4 d5 2. exd5 Nf6 3. c4 c6 4. dxc6 Nxc6 5. Nf3 e5 6. Nc3 Bf5 7. d3 Bb4 8.
Nh4 Bg4 9. f3 Bh5 10. Nf5 O-O 11. Be2 Nd4 12. Nxd4 exd4 13. a3 Qa5 14. axb4
Qxa1 15. Na4 Nd7 16. O-O Rfe8 17. b3 Qb1 18. g4 Bg6 19. Nb2 Qa2 20. f4 f6 21.
Bf3 Qa6 22. b5 Qb6 23. Na4 Qc7 24. b4 Rac8 25. c5 Bf7 26. Be4 Nf8 27. f5 Nd7
28. Bb2 Ne5 29. Bxd4 Red8 30. Bc3 Bc4 31. b6 axb6 32. cxb6 Qe7 33. Nc5 Nxd3 34.
Ne6 Nf4 35. Nxd8 Rxd8 36. Qf3 Ne2+ 37. Kh1 Nxc3 38. Rc1 Nxe4 39. Rxc4 0-1

[Event "Stuttgarter Stadtmeisterschaft A"]
[Site "Ditzingen"]
[Date "2015.05.15"]
[Round "3.41"]
[White "Boyens, Birger"]
[Black "Viehoff, Jürgen"]
[Result "1-0"]
[WhiteElo "1997"]
[BlackElo "1857"]
[PlyCount "65"]
[EventDate "2015.??.??"]
[WhiteTeam "Husumer SV"]
[BlackTeam "SC Stetten a.d.F."]

1. e4 c6 2. d4 d5 3. e5 Bf5 4. Nc3 e6 5. g4 Bg6 6. Nge2 c5 7. h4 h5 8. Nf4 Nc6
9. Nxg6 fxg6 10. Bd3 Nge7 11. Nb5 Nc8 12. Bxg6+ Kd7 13. c4 cxd4 14. Nxd4 Qa5+
15. Kf1 hxg4 16. Nxe6 Nxe5 17. b4 Qxb4 18. Nxf8+ Rxf8 19. Qxd5+ Qd6 20. Qxb7+
Ke6 21. Qxa8 Nxg6 22. Qe4+ Ne5 23. Kg2 Ne7 24. Re1 Qc6 25. Ba3 Qxe4+ 26. Rxe4
Rf5 27. Bxe7 Kxe7 28. Rae1 Kd6 29. Rxe5 Rxe5 30. Rxe5 Kxe5 31. Kg3 Kd4 32. Kxg4
Kxc4 33. Kg5 1-0

[Event "Stuttgarter Stadtmeisterschaft A"]
[Site "Ditzingen"]
[Date "2015.05.15"]
[Round "3.42"]
[White "Engelhardt, Frank"]
[Black "Braun, Rüdiger-Thomas"]
[Result "0-1"]
[WhiteElo "1819"]
[BlackElo "1940"]
[PlyCount "64"]
[EventDate "2015.??.??"]
[WhiteTeam "SC Botnang"]
[BlackTeam "SF Birkenfeld"]

1. d4 Nf6 2. Bf4 e6 3. Nf3 b6 4. e3 Bb7 5. Nbd2 Be7 6. Bd3 d6 7. Qe2 Nbd7 8. h3
Nd5 9. c3 Nxf4 10. exf4 g6 11. O-O-O a5 12. g4 c6 13. f5 exf5 14. gxf5 b5 15.
Rhe1 Kf8 16. d5 b4 17. dxc6 Bxc6 18. Nd4 Ne5 19. f4 Nxd3+ 20. Qxd3 Bb7 21. Rg1
bxc3 22. bxc3 Qd7 23. fxg6 hxg6 24. Rxg6 fxg6 25. Qxg6 Bd5 26. Rg1 Qxh3 27.
Qg7+ Ke8 28. Nf5 Qxf5 29. Qxh8+ Kd7 30. Qd4 Bf6 31. Qa4+ Bc6 32. Qa3 Qd3 0-1

[Event "Stuttgarter Stadtmeisterschaft A"]
[Site "Ditzingen"]
[Date "2015.05.15"]
[Round "4.1"]
[White "Belezky, Alexander"]
[Black "Karpatchev, Aleksandr"]
[Result "1/2-1/2"]
[WhiteElo "2453"]
[BlackElo "2466"]
[PlyCount "28"]
[EventDate "2015.??.??"]
[WhiteTeam "FC Bayern München"]
[BlackTeam "SF Bad Mergentheim"]

1. e4 e5 2. Nf3 Nc6 3. Nc3 Nf6 4. d4 exd4 5. Nxd4 Bb4 6. Nxc6 bxc6 7. Bd3 O-O
8. O-O d5 9. exd5 cxd5 10. h3 Rb8 11. Qf3 Bb7 12. Bg5 Be7 13. Rfe1 d4 14. Ne4
Nxe4 1/2-1/2

[Event "Stuttgarter Stadtmeisterschaft A"]
[Site "Ditzingen"]
[Date "2015.05.15"]
[Round "4.2"]
[White "Kabisch, Thilo"]
[Black "Ikonnikov, Vyacheslav"]
[Result "0-1"]
[WhiteElo "2298"]
[BlackElo "2560"]
[PlyCount "110"]
[EventDate "2015.??.??"]
[WhiteTeam "SK Schmiden/Cannstatt"]
[BlackTeam "SF Bad Mergentheim"]

1. e4 g6 2. d4 Bg7 3. Be3 d6 4. Qd2 c6 5. h4 h5 6. c4 a6 7. Nc3 b5 8. Nh3 Nf6
9. f3 Bxh3 10. Rxh3 Nbd7 11. O-O-O Qc7 12. Kb1 O-O 13. Be2 b4 14. Na4 a5 15. g4
c5 16. gxh5 Nxh5 17. f4 cxd4 18. Bxd4 Bxd4 19. Bxh5 e5 20. f5 Nf6 21. Bf3 Kg7
22. h5 Rh8 23. Rdh1 Rag8 24. hxg6 Rxh3 25. Rxh3 fxg6 26. b3 Kf7 27. Qh2 g5 28.
Rh6 Qe7 29. Qe2 g4 30. Bxg4 Qf8 31. Bh5+ Ke7 32. Rg6 Rxg6 33. Bxg6 Qh6 34. c5
Qh1+ 35. Kc2 Bxc5 36. Nxc5 dxc5 37. Kd3 Qc1 38. Qe3 c4+ 39. bxc4 Qb1+ 40. Ke2
Qxa2+ 41. Ke1 Qb1+ 42. Ke2 Qxe4 43. Qxe4 Nxe4 44. Kd3 Nc5+ 45. Kc2 Kf6 46. Kd2
a4 47. Kc2 a3 48. Bh7 e4 49. Bg6 e3 50. Bh5 Kxf5 51. Kc1 Ke4 52. Be2 Kd4 53.
Kc2 b3+ 54. Kc1 Kc3 55. Kb1 Kd2 0-1

[Event "Stuttgarter Stadtmeisterschaft A"]
[Site "Ditzingen"]
[Date "2015.05.15"]
[Round "4.3"]
[White "Bosiocic, Marin"]
[Black "Schröder, Kevin"]
[Result "1-0"]
[WhiteElo "2563"]
[BlackElo "2244"]
[PlyCount "135"]
[EventDate "2015.??.??"]
[WhiteTeam "TSV Schönaich"]
[BlackTeam "LSV Turm Lippstadt"]

1. d4 Nf6 2. c4 e6 3. g3 d5 4. Nf3 Be7 5. Bg2 O-O 6. O-O dxc4 7. Qa4 a6 8. Qxc4
b5 9. Qc2 Bb7 10. Bd2 Be4 11. Qc1 Bb7 12. Bf4 Nc6 13. Rd1 Nb4 14. Nc3 Rc8 15.
Ne5 Bxg2 16. Kxg2 Nbd5 17. Nc6 Qd7 18. Nxd5 Nxd5 19. e4 Nxf4+ 20. gxf4 f5 21.
e5 Qd5+ 22. f3 Rf7 23. Qc3 Bf8 24. Rac1 Rd7 25. Qb3 Ra8 26. Qxd5 Rxd5 27. b4
Kf7 28. Kf2 Ke8 29. a3 Kd7 30. Rc3 a5 31. Nxa5 c5 32. Nb3 cxb4 33. axb4 Ra2+
34. Kg3 Bxb4 35. Rcc1 Ba3 36. Ra1 Rxa1 37. Rxa1 Be7 38. Kf2 Ke8 39. Ra6 Kf7 40.
Ra7 Rd8 41. Ke3 Rc8 42. Nc5 Rb8 43. Kd3 Rb6 44. Kc3 Ke8 45. Ra8+ Kf7 46. Ra7
Ke8 47. Kb3 b4 48. Ra1 Bh4 49. Nd3 h6 50. Nxb4 Bf2 51. Kc4 Rb7 52. Nd3 Be3 53.
Ra6 Kf7 54. Rxe6 Rc7+ 55. Kd5 Bxd4 56. Rc6 Rxc6 57. Kxc6 Ke6 58. Nc5+ Ke7 59.
Kd5 Be3 60. Nd3 g5 61. fxg5 hxg5 62. h3 Bb6 63. Nb2 Kf7 64. Nc4 Bc7 65. Kc6 g4
66. hxg4 fxg4 67. Kxc7 gxf3 68. Kd7 1-0

[Event "Stuttgarter Stadtmeisterschaft A"]
[Site "Ditzingen"]
[Date "2015.05.15"]
[Round "4.4"]
[White "Dgebuadze, Alexandre"]
[Black "Lorscheid, Gerhard"]
[Result "1-0"]
[WhiteElo "2490"]
[BlackElo "2237"]
[PlyCount "85"]
[EventDate "2015.??.??"]
[BlackTeam "Stuttgarter SF"]

1. Nf3 Nf6 2. d4 d6 3. Nc3 Nbd7 4. Bf4 c6 5. e4 Qa5 6. Bd2 Qc7 7. a4 e5 8. g3
Be7 9. Bg2 O-O 10. O-O b6 11. Re1 a6 12. Nh4 g6 13. Ne2 Bb7 14. c4 Rfe8 15. Qc2
a5 16. Rad1 Rac8 17. Bc1 exd4 18. Nxd4 Nc5 19. b3 Nfd7 20. Bb2 Bf6 21. Ndf5
gxf5 22. Nxf5 Re6 23. Bh3 Ne5 24. Nd4 Rce8 25. f4 Ned7 26. Nxe6 fxe6 27. Bxf6
Nxf6 28. e5 dxe5 29. Rxe5 Bc8 30. Qc3 Rd8 31. Ree1 Kf7 32. Bg2 Bb7 33. Bf3 Qe7
34. Rxd8 Qxd8 35. Rd1 Qe7 36. g4 h6 37. Qe3 Nfd7 38. g5 hxg5 39. fxg5 Kg8 40.
h4 Qh7 41. Bg4 Qxh4 42. Bxe6+ Kg7 43. Bxd7 1-0

[Event "Stuttgarter Stadtmeisterschaft A"]
[Site "Ditzingen"]
[Date "2015.05.15"]
[Round "4.5"]
[White "Piskur, Mitja"]
[Black "Krassowizkij, Jaroslaw"]
[Result "1/2-1/2"]
[WhiteElo "2272"]
[BlackElo "2436"]
[PlyCount "79"]
[EventDate "2015.??.??"]
[BlackTeam "SV Jedesheim"]

1. e4 e6 2. d3 d5 3. Nd2 Nf6 4. Ngf3 a5 5. Be2 Be7 6. O-O O-O 7. a4 Nc6 8. Re1
e5 9. exd5 Qxd5 10. Nc4 Re8 11. c3 Bc5 12. Ng5 Bf5 13. Be3 Rad8 14. Bxc5 Qxc5
15. Qb3 Nd5 16. g3 h6 17. Ne4 Bxe4 18. dxe4 Nf6 19. Qc2 Rd7 20. Rad1 Red8 21.
Rxd7 Rxd7 22. Ne3 Ne7 23. Rd1 Rxd1+ 24. Qxd1 Nc6 25. Qd3 b6 26. Bd1 Qe7 27. Bb3
Nb8 28. Nf5 Qd7 29. Qf3 Qd2 30. Kg2 Nbd7 31. Bc4 Nc5 32. Ne7+ Kf8 33. Nd5 Ncxe4
34. Nxc7 Qxb2 35. Nd5 Nd6 36. Nxf6 gxf6 37. Qxf6 Nxc4 38. Qxh6+ Kg8 39. Qg5+
Kf8 40. Qd8+ 1/2-1/2

[Event "Stuttgarter Stadtmeisterschaft A"]
[Site "Ditzingen"]
[Date "2015.05.15"]
[Round "4.6"]
[White "Gutman, Lev"]
[Black "Pitschka, Claus"]
[Result "1-0"]
[WhiteElo "2438"]
[BlackElo "2208"]
[PlyCount "91"]
[EventDate "2015.??.??"]
[WhiteTeam "SV Lingen"]
[BlackTeam "SC Garching"]

1. Nf3 d5 2. g3 Nc6 3. d4 Bf5 4. Bg2 Nf6 5. O-O e6 6. b3 Nb4 7. Ne1 c5 8. c3
Nc6 9. Nf3 cxd4 10. Nxd4 Nxd4 11. Qxd4 Be4 12. Bg5 Bxg2 13. Bxf6 gxf6 14. Kxg2
Be7 15. Nd2 O-O 16. c4 dxc4 17. Qg4+ Kh8 18. Nxc4 f5 19. Qf3 Bf6 20. Rad1 Qe7
21. Rd3 Rad8 22. Rfd1 Rxd3 23. Rxd3 b5 24. Nd6 a6 25. Qc6 Qa7 26. Nxf5 Qa8 27.
Qxa8 Rxa8 28. Nd6 Kg7 29. Ne4 Rc8 30. Kf3 Be5 31. Ke3 Kg6 32. f4 Bb8 33. Rc3
Rxc3+ 34. Nxc3 e5 35. fxe5 Bxe5 36. Nd5 h5 37. Nb4 h4 38. gxh4 Bxh2 39. Nxa6
Kh5 40. Nb4 Kxh4 41. Kf3 Bd6 42. Nc6 b4 43. Ke4 Kg5 44. Kd5 Bf8 45. e4 Kf4 46.
Ne5 1-0

[Event "Stuttgarter Stadtmeisterschaft A"]
[Site "Ditzingen"]
[Date "2015.05.15"]
[Round "4.7"]
[White "Bilchinski, Anton"]
[Black "Niklasch, Oliver"]
[Result "1-0"]
[WhiteElo "2252"]
[BlackElo "2325"]
[PlyCount "63"]
[EventDate "2015.??.??"]
[WhiteTeam "SK Göggingen"]
[BlackTeam "SK Schmiden/Cannstatt"]

1. d4 e6 2. c4 d5 3. Nc3 c5 4. cxd5 exd5 5. Nf3 Nc6 6. dxc5 d4 7. Na4 Bxc5 8.
Nxc5 Qa5+ 9. Bd2 Qxc5 10. b4 Qd5 11. Qb3 Qxb3 12. axb3 b5 13. e3 dxe3 14. Bxe3
Nxb4 15. Bxb5+ Bd7 16. Bxd7+ Kxd7 17. Rxa7+ Rxa7 18. Bxa7 Nf6 19. O-O Rc8 20.
Bd4 Rc2 21. g3 Nbd5 22. Ra1 h6 23. Ne5+ Ke6 24. Ra6+ Kf5 25. Nxf7 Rd2 26. Bxf6
Nxf6 27. Nd6+ Kg6 28. Ne4 Rb2 29. Nxf6 gxf6 30. Rb6 h5 31. Kg2 h4 32. gxh4 1-0